Permiso para vivir. Antimemorias

Guardat en:
Dades bibliogràfiques
Autor principal: Echeñique Bryce, Alfredo (Autor)
Format: Llibre
Idioma:espanyol
Publicat: Barcelona Anagrama 1999
Edició:2a. ed
Col·lecció:Compactos Anagrama, 189
Matèries:
Etiquetes: Afegir etiqueta
Sense etiquetes, Sigues el primer a etiquetar aquest registre!

MARC

LEADER 00000cam a2200000 a 4500
001 UCE7376
003 CL-VaPUC
008 150605e19990000sp |||||||||||||||||spa|d
020 |a 8433962200 
082 0 4 |a Pe863.09  |b ECH  |2 21 
100 0 |a Echeñique Bryce, Alfredo  |e author  |9 580058 
245 1 0 |a Permiso para vivir. Antimemorias 
250 |a 2a. ed 
300 |a 495 p 
942 |c BK 
945 |d 20150605 14:50:00  |a gsalatino 
260 |a Barcelona  |b Anagrama  |c 1999 
650 0 |a Cuentos peruanos  |9 317609 
650 0 |a Crítica literaria   |9 269189 
583 |a last modification  |c 20150605 14:50:00  |k Rodrigo Vera 
490 0 |a Compactos Anagrama, 189 
999 |c 359471  |d 359469 
952 |0 0  |1 0  |3 erb  |4 0  |6 PE_863_090000000000000_ECH_1999  |7 0  |8 A  |9 468670  |a BIBEDU  |b BIBEDU  |e Villagrán Garnham, Jorge  |i 5176840  |o Pe863.09 ECH 1999  |p 5176840  |r 2019-11-23  |w 2019-11-23  |y BK  |z Catalogado en:20150605  |k LIT